000 00627nam a2200205Ia 4500
003 IN-BaIIA
008 211028s9999 xx 000 0 eng d
020 _a0-8243-0923-5
040 _cIIA Library
080 _a047.1:52
_bARA-23
100 _aBurbidge, G
245 0 _aAnnual review of astronomy and astrophysics
_bvol. 23
_cBurbidge, G, Layzer, D and Phillips, J G
260 _aCalifornia
_bDirect
_c1985
300 _avii, 460p.
650 _aAnnual Reviews-Astronomy and Astrophysics
_98535
650 _aAstronomy and Astrophysics thesaurus
700 _aLayzer, D.
700 _aPhillips, J. G.
_99868
942 _cBK
999 _c8681
_d8681